[Event "Olimpiade 2024 - Donne"]
[Site "Budapest"]
[Date "18.09.2024"]
[Round "7.33"]
[Board "2"]
[White "Badenhorst, Chloe"]
[Black "Medic, Mirjana"]
[Result "1/2-1/2"]
[WhiteTitle "WFM"]
[BlackTitle "WGM"]
[WhiteElo "1981"]
[BlackElo "2101"]
[WhiteTeam "South Africa"]
[BlackTeam "Croatia"]
[WhiteFideId "14339463"]
[BlackFideId "14501619"]
[EventDate "2024.09.11"]

1. e4 e6 2. d4 d5 3. e5 c5 4. c3 Nc6 5. Nf3 Bd7 6. Be2 Nge7 7. Na3 cxd4 8. cxd4
Nf5 9. Nc2 Be7 10. O-O O-O 11. Bd3 f6 12. Bxf5 exf5 13. Re1 Be8 14. e6 g5 15. g3
Bh5 16. Qd3 Bg6 17. Qe2 Re8 18. Bd2 f4 19. Bc3 fxg3 20. hxg3 Bf8 21. Rac1 Bf5
22. Nd2 Rxe6 23. Qf3 Rxe1+ 24. Nxe1 Qd7 25. Ng2 Bg7 26. Ne3 Be6 27. g4 Ne7 28.
Ndf1 f5 29. gxf5 Nxf5 30. Nxf5 Bxf5 31. Ng3 Bg6 32. b3 Rf8 33. Qg2 g4 34. Bb2
Rf3 35. Qh2 Bf8 36. Re1 Qf7 37. Bc1 Bb4 38. Re5 Bd6 39. Re1 Bb4 40. Re5 Bd6 41.
Re1 Bb4 1/2-1/2

[Event "Olimpiade 2024 - Donne"]
[Site "Budapest"]
[Date "18.09.2024"]
[Round "7.33"]
[Board "3"]
[White "Berke, Ana"]
[Black "Klaasen, Robyn Julian"]
[Result "1-0"]
[WhiteTitle "WIM"]
[WhiteElo "2093"]
[BlackElo "1764"]
[WhiteTeam "Croatia"]
[BlackTeam "South Africa"]
[WhiteFideId "14510359"]
[BlackFideId "14305020"]
[EventDate "2024.09.11"]

1. e4 c5 2. Nf3 g6 3. c4 Nc6 4. d4 cxd4 5. Nxd4 Nf6 6. Nc3 Bg7 7. Be3 d6 8. Be2
O-O 9. Nb3 a5 10. O-O a4 11. Nd4 a3 12. b3 Nxd4 13. Bxd4 Nd7 14. Rc1 Bxd4 15.
Qxd4 b6 16. Bg4 Nc5 17. Bxc8 Rxc8 18. Rfd1 Re8 19. h3 Qc7 20. Rd2 Qb7 21. Qe3
Qc6 22. Kh2 Rcd8 23. f4 Ne6 24. Rcd1 Nc7 25. f5 b5 26. cxb5 Nxb5 27. Nd5 Kg7 28.
Rf1 f6 29. Nf4 Nc7 30. fxg6 hxg6 31. Qd3 Kf7 32. e5 Rg8 33. exf6 exf6 34. Rc2
Qd7 35. Rxc7 Qxc7 36. Qd5+ Ke8 37. Qxg8+ Kd7 38. Qf7+ Kc8 39. Qxc7+ Kxc7 40.
Ne6+ 1-0

[Event "Olimpiade 2024 - Donne"]
[Site "Budapest"]
[Date "18.09.2024"]
[Round "7.33"]
[Board "4"]
[White "Strong, Davida"]
[Black "Ivekovic, Tihana"]
[Result "0-1"]
[BlackTitle "WFM"]
[WhiteElo "1733"]
[BlackElo "2143"]
[WhiteTeam "South Africa"]
[BlackTeam "Croatia"]
[WhiteFideId "14333082"]
[BlackFideId "14517825"]
[EventDate "2024.09.11"]

1. d4 Nf6 2. c4 e6 3. Nc3 Bb4 4. Qc2 d5 5. e3 O-O 6. a3 Bxc3+ 7. bxc3 b6 8. cxd5
exd5 9. Bd3 Re8 10. Nf3 Nbd7 11. O-O Bb7 12. a4 a6 13. Ba3 c5 14. Qb2 Bc6 15.
Bc2 Rb8 16. Rfb1 Ne4 17. Bd1 Qf6 18. Rc1 Nd6 19. Rab1 Nc4 20. Qa2 h6 21. Bb3 Qe6
22. Nd2 Qg6 23. g3 Nf6 24. Bc2 Qg4 25. Nxc4 dxc4 26. Qxc4 Qf3 27. Kf1 Rxe3 0-1

[Event "Olimpiade 2024 - Donne"]
[Site "Budapest"]
[Date "18.09.2024"]
[Round "7.34"]
[Board "1"]
[White "Samaganova, Aleksandra"]
[Black "Terao, Juliana Sayumi"]
[Result "0-1"]
[WhiteTitle "WFM"]
[BlackTitle "FM"]
[WhiteElo "1948"]
[BlackElo "2161"]
[WhiteTeam "Kyrgyzstan"]
[BlackTeam "Brazil"]
[WhiteFideId "13800221"]
[BlackFideId "2109220"]
[EventDate "2024.09.11"]

1. c4 e6 2. Nf3 Nf6 3. e3 d5 4. Nc3 b6 5. b3 a6 6. Bb2 Bd6 7. d4 Bb7 8. Qc2 Nbd7
9. Bd3 dxc4 10. Bxc4 c5 11. Rd1 cxd4 12. Rxd4 Qc7 13. a4 O-O 14. h3 Rac8 15. O-O
Ne5 16. Ne1 Bc5 17. Rd1 Nxc4 18. bxc4 Qc6 19. Ne2 Be7 20. Rc1 Ne4 21. Nd4 Qc5
22. Nd3 Qg5 23. f4 Qg3 24. Rf3 Qh4 25. f5 Ng5 26. Rf4 Qg3 27. Kf1 Qxe3 28. Re1
Bxg2+ 29. Kxg2 Qxh3+ 30. Kg1 e5 31. Rxe5 Bd6 32. Re2 Bxf4 33. Nxf4 Qg4+ 34. Ng2
Rfd8 35. Qc3 Rxd4 36. Qe3 Re4 37. Qc3 Nh3+ 0-1

[Event "Olimpiade 2024 - Donne"]
[Site "Budapest"]
[Date "18.09.2024"]
[Round "7.34"]
[Board "2"]
[White "Librelato, Kathie Goulart"]
[Black "Zhanybekova, Begimay"]
[Result "1-0"]
[WhiteTitle "WIM"]
[BlackTitle "WCM"]
[WhiteElo "2181"]
[BlackElo "1784"]
[WhiteTeam "Brazil"]
[BlackTeam "Kyrgyzstan"]
[WhiteFideId "2153963"]
[BlackFideId "13819356"]
[EventDate "2024.09.11"]

1. e4 c5 2. Nf3 e6 3. d4 cxd4 4. Nxd4 Nc6 5. Nc3 Qc7 6. Be3 a6 7. Qd2 Nf6 8.
O-O-O b5 9. Bf4 Qb6 10. Nb3 Bb4 11. f3 d5 12. a3 Be7 13. e5 Nd7 14. Be3 Qc7 15.
f4 Bb7 16. Kb1 Rc8 17. h4 b4 18. axb4 Nxb4 19. Rh3 O-O 20. Rg3 Bc6 21. Bd4 g6
22. h5 Nb6 23. f5 exf5 24. Qh6 Be8 25. e6 f6 26. hxg6 Bxg6 27. Rxg6+ hxg6 28.
Qxg6+ Kh8 29. Bxa6 Qh2 30. Bxc8 Nxc8 31. Nc5 Nc6 32. Nd7 Nxd4 33. Nxf8 Nxc2 34.
Qf7 Bxf8 35. Qxf8+ Kh7 36. Qf7+ 1-0

[Event "Olimpiade 2024 - Donne"]
[Site "Budapest"]
[Date "18.09.2024"]
[Round "7.34"]
[Board "3"]
[White "Lesbekova, Assel"]
[Black "Alboredo, Julia"]
[Result "0-1"]
[WhiteTitle "WCM"]
[BlackTitle "FM"]
[WhiteElo "1903"]
[BlackElo "2127"]
[WhiteTeam "Kyrgyzstan"]
[BlackTeam "Brazil"]
[WhiteFideId "13713248"]
[BlackFideId "2124807"]
[EventDate "2024.09.11"]

1. e4 c5 2. Nf3 Nc6 3. Bb5 Nf6 4. Nc3 Qc7 5. O-O Nd4 6. Bd3 Ng4 7. g3 Nxf3+ 8.
Qxf3 Ne5 9. Qf4 g5 10. Nd5 Qb8 11. Qe3 b6 12. Be2 g4 13. b3 h5 14. Bb2 Bh6 15.
Bxe5 Qxe5 16. Qc3 Qxc3 17. dxc3 Kd8 18. f3 e6 19. Nf6 Bd2 20. fxg4 Bxc3 21. Rad1
hxg4 22. Nxg4 Ke7 23. Kg2 Bb7 24. Bf3 Rag8 25. Rf2 Bxe4 26. Bxe4 Rxg4 27. Bf3
Rd4 28. Rdf1 f5 29. Bd1 Rd2 30. Rxd2 Bxd2 31. Rf2 Bc3 32. h4 d5 33. Kh3 b5 34.
Be2 c4 35. Rf3 Bd2 36. bxc4 bxc4 37. Ra3 a5 38. Kg2 Rb8 39. Kf2 e5 40. g4 fxg4
41. Bxg4 Rb2 42. Bd1 d4 43. Kf3 Bb4 44. Ra4 Ke6 45. Ke4 Rb1 46. Bg4+ Kf6 47. Kd5
d3 0-1

[Event "Olimpiade 2024 - Donne"]
[Site "Budapest"]
[Date "18.09.2024"]
[Round "7.34"]
[Board "4"]
[White "Dias, Clara"]
[Black "Sezdbekova, Aizhan"]
[Result "1/2-1/2"]
[BlackTitle "WCM"]
[WhiteElo "1954"]
[BlackElo "1799"]
[WhiteTeam "Brazil"]
[BlackTeam "Kyrgyzstan"]
[WhiteFideId "22779078"]
[BlackFideId "13803590"]
[EventDate "2024.09.11"]

1. e4 e5 2. Nf3 Nc6 3. Bc4 Nf6 4. d3 Bc5 5. c3 d6 6. O-O O-O 7. Nbd2 Bb6 8. Re1
Ne7 9. Nf1 Ng6 10. Bb3 c6 11. Ng3 Bc7 12. d4 Re8 13. Bc2 h6 14. h3 Be6 15. a4 a6
16. Be3 Qc8 17. a5 Nf8 18. Qd2 Ng6 19. Bxh6 gxh6 20. Qxh6 Qd8 21. Nf5 Bxf5 22.
exf5 Nf8 23. g4 N6h7 24. dxe5 dxe5 25. g5 f6 26. Bb3+ Kh8 27. g6 Re7 28. Rad1
Qe8 29. Kh1 e4 30. Rg1 Rg7 31. gxh7 Qe7 32. Nh4 e3 33. Qxg7+ Qxg7 34. Rxg7 Kxg7
35. fxe3 Kxh7 36. Bf7 Bxa5 37. Kg2 Kh6 38. Kf3 Nh7 39. Bg6 Ng5+ 40. Kg4 Rd8 41.
Rxd8 Bxd8 42. Be8 Ne4 43. Nf3 Nf2+ 44. Kg3 Nd1 45. Bd7 Bc7+ 46. Kh4 Nxe3 47. Nd4
Bh2 48. Nb3 Bg1 49. Kg3 Nc4 50. Bc8 Nd6 51. Be6 Kg5 52. h4+ Kh5 53. Na5 Be3 54.
Nb3 b6 55. Kf3 Bg1 56. Kg2 Be3 57. Kf3 Bg1 58. Kg2 Be3 59. Kf3 Bg1 1/2-1/2

[Event "Olimpiade 2024 - Donne"]
[Site "Budapest"]
[Date "18.09.2024"]
[Round "7.35"]
[Board "1"]
[White "Paasikangas, Johanna"]
[Black "Granados Ortiz, Maria Jose"]
[Result "1-0"]
[WhiteTitle "FM"]
[BlackTitle "WFM"]
[WhiteElo "2058"]
[BlackElo "1935"]
[WhiteTeam "Finland"]
[BlackTeam "Nicaragua"]
[WhiteFideId "500879"]
[BlackFideId "6103812"]
[EventDate "2024.09.11"]

1. e4 Nf6 2. e5 Nd5 3. d4 d6 4. Nf3 Bg4 5. c4 Nb6 6. exd6 exd6 7. h3 Bh5 8. Nc3
Nc6 9. Be3 Be7 10. g4 Bg6 11. h4 f5 12. h5 Bf7 13. gxf5 Bxc4 14. Bxc4 Nxc4 15.
h6 gxh6 16. Qe2 Nxe3 17. Qxe3 Rf8 18. Rxh6 Rxf5 19. Rxh7 Qd7 20. Rh8+ Rf8 21.
Rxf8+ Kxf8 22. Qh6+ Ke8 23. Qg6+ Kd8 24. O-O-O Qe8 25. Qe4 Bf6 26. Qf5 Qh8 27.
Nd5 Qh6+ 28. Kb1 Be7 29. Rg1 Qf8 30. Nxe7 Kxe7 31. Qh7+ Ke6 32. Rg6+ Kd5 33.
Rg5+ Ke6 34. d5+ 1-0

[Event "Olimpiade 2024 - Donne"]
[Site "Budapest"]
[Date "18.09.2024"]
[Round "7.35"]
[Board "2"]
[White "Martinez Orozco, Cristiana Yorlene"]
[Black "Bederdin, Lilja"]
[Result "0-1"]
[WhiteElo "1761"]
[BlackElo "2065"]
[WhiteTeam "Nicaragua"]
[BlackTeam "Finland"]
[WhiteFideId "6107079"]
[BlackFideId "510360"]
[EventDate "2024.09.11"]

1. d4 d5 2. Nf3 Nf6 3. c4 dxc4 4. Nc3 a6 5. a4 Nc6 6. e3 Bg4 7. Bxc4 e6 8. O-O
Be7 9. h3 Bh5 10. Be2 O-O 11. Bd2 Nb4 12. Na2 Nxa2 13. Rxa2 Qd5 14. Ra1 Ne4 15.
Bc3 b5 16. Nd2 Bxe2 17. Qxe2 b4 18. Nxe4 Qxe4 19. f3 Qd5 20. Be1 c5 21. dxc5
Bxc5 22. Bf2 Rfd8 23. Rad1 Qa2 24. Qc2 Be7 25. e4 Rdc8 26. Qe2 Qxa4 27. Bd4 Bc5
28. Bxc5 Rxc5 29. Ra1 Qc6 30. Rfd1 h6 31. Qe1 a5 32. Rd2 Rc2 33. Qf2 Rc1+ 34.
Rxc1 Qxc1+ 35. Kh2 a4 36. Qd4 a3 37. bxa3 bxa3 38. Rd1 Qb2 39. Qxb2 axb2 40. Rb1
Rb8 41. Kg3 Kf8 42. Kf2 Ke7 43. Ke2 Kd6 44. Kd3 Ke5 45. Ke3 Rb3+ 46. Ke2 Kd4 47.
Kd2 Rb5 48. h4 Rb6 49. h5 Rb5 50. Ke2 Kc3 51. Kd1 Rxh5 0-1

[Event "Olimpiade 2024 - Donne"]
[Site "Budapest"]
[Date "18.09.2024"]
[Round "7.35"]
[Board "3"]
[White "Puuska, Heini"]
[Black "Cabezas Calero, Abigail Carolina"]
[Result "1-0"]
[WhiteTitle "WFM"]
[BlackTitle "CM"]
[WhiteElo "1930"]
[BlackElo "1824"]
[WhiteTeam "Finland"]
[BlackTeam "Nicaragua"]
[WhiteFideId "502324"]
[BlackFideId "6105971"]
[EventDate "2024.09.11"]

1. Nf3 d5 2. e3 Nf6 3. c4 e6 4. Nc3 Be7 5. b3 Nbd7 6. cxd5 exd5 7. Bb2 O-O 8.
Rc1 Re8 9. Be2 Nf8 10. h3 Bf5 11. Nh4 Bg6 12. Nxg6 Nxg6 13. O-O d4 14. Nb5 d3
15. Nxc7 dxe2 16. Qxe2 Qd7 17. Nxa8 Rxa8 18. d3 Rd8 19. Rfd1 Qb5 20. Rc4 Nd5 21.
Bd4 Nb6 22. Bxb6 Qxb6 23. d4 Bf6 24. Rdc1 Ne7 25. Qf3 Rd7 26. Qg3 Nc6 27. Qg4
Qd8 28. b4 a6 29. a4 h6 30. b5 axb5 31. axb5 Ne7 32. Ra4 Rd6 33. Rca1 Kh7 34.
Qe4+ g6 35. Qxb7 Rb6 36. Qf3 Nd5 37. Ra8 Qd6 38. R8a6 1-0

[Event "Olimpiade 2024 - Donne"]
[Site "Budapest"]
[Date "18.09.2024"]
[Round "7.35"]
[Board "4"]
[White "Alvarez Gutierrez, Patricia"]
[Black "Sippola, Sara-Olivia"]
[Result "1/2-1/2"]
[WhiteElo "1826"]
[BlackElo "1861"]
[WhiteTeam "Nicaragua"]
[BlackTeam "Finland"]
[WhiteFideId "6105548"]
[BlackFideId "515469"]
[EventDate "2024.09.11"]

1. d4 d5 2. c4 e6 3. Nc3 Nf6 4. Bg5 Be7 5. Nf3 O-O 6. e3 h6 7. Bh4 b6 8. cxd5
Nxd5 9. Bg3 c5 10. Be2 cxd4 11. exd4 Ba6 12. O-O Bxe2 13. Qxe2 Nc6 14. Rac1 Rc8
15. Rfd1 Qd7 16. Ne5 Nxe5 17. dxe5 Nxc3 18. Rxc3 Qa4 19. b3 Qb4 20. Rcd3 Rfd8
21. h3 Rxd3 22. Qxd3 Qa3 23. Qe2 Rc1 24. Rxc1 Qxc1+ 25. Kh2 Qc5 26. Qa6 Qc7 27.
Qd3 Bc5 28. Qe4 Qd7 29. Qe2 a5 30. Qc2 Qd4 31. Qe2 Qd7 32. Qc2 Qd4 1/2-1/2

[Event "Olimpiade 2024 - Donne"]
[Site "Budapest"]
[Date "18.09.2024"]
[Round "7.36"]
[Board "1"]
[White "Ampaire, Shakira"]
[Black "Wafa, Shrook"]
[Result "0-1"]
[WhiteTitle "WCM"]
[BlackTitle "WGM"]
[WhiteElo "1839"]
[BlackElo "2137"]
[WhiteTeam "Uganda"]
[BlackTeam "Egypt"]
[WhiteFideId "10002782"]
[BlackFideId "10609970"]
[EventDate "2024.09.11"]

1. e4 c5 2. Nf3 Nc6 3. d4 cxd4 4. Nxd4 Nf6 5. Nc3 e5 6. Ndb5 d6 7. Nd5 Nxd5 8.
exd5 Nb8 9. c4 Be7 10. Bd3 O-O 11. O-O a6 12. Nc3 Nd7 13. Qh5 g6 14. Qe2 f5 15.
Bh6 Rf7 16. f3 Nc5 17. Kh1 Nxd3 18. Qxd3 Bd7 19. Rac1 Rc8 20. Be3 Bg5 21. f4
exf4 22. Bxf4 Bxf4 23. Rxf4 Qg5 24. Rcf1 Re7 25. Ne2 Rce8 26. Nd4 Re3 27. Qd2
Qxf4 28. Kg1 Qe4 29. Nf3 Qxc4 30. b3 Qg4 31. h3 Qg3 32. Nd4 Bb5 33. Ne6 Re2 34.
Rf2 Qxf2+ 0-1

[Event "Olimpiade 2024 - Donne"]
[Site "Budapest"]
[Date "18.09.2024"]
[Round "7.36"]
[Board "2"]
[White "Wafa, Shahenda"]
[Black "Sana Omprakash Kayyar"]
[Result "1-0"]
[WhiteTitle "WGM"]
[BlackTitle "WCM"]
[WhiteElo "2102"]
[BlackElo "1937"]
[WhiteTeam "Egypt"]
[BlackTeam "Uganda"]
[WhiteFideId "10609962"]
[BlackFideId "10021132"]
[EventDate "2024.09.11"]

1. e4 e5 2. Nf3 Nc6 3. Bb5 a6 4. Ba4 Nf6 5. O-O Be7 6. Re1 b5 7. Bb3 O-O 8. h3
d6 9. c3 Na5 10. Bc2 c5 11. d4 Qc7 12. Nbd2 Bd7 13. Nf1 Rac8 14. Ne3 Rfe8 15. a4
Bf8 16. axb5 axb5 17. dxe5 dxe5 18. b3 Ra8 19. Nd5 Nxd5 20. exd5 c4 21. b4 Nb7
22. Rxa8 Rxa8 23. Nxe5 Be8 24. Bf4 Qb6 25. Qf3 Bd6 26. Qe4 g6 27. Ng4 Qd8 28.
Qd4 Bd7 29. Nh6+ 1-0

[Event "Olimpiade 2024 - Donne"]
[Site "Budapest"]
[Date "18.09.2024"]
[Round "7.36"]
[Board "3"]
[White "Kawuma Patricia"]
[Black "Romany, Joy"]
[Result "0-1"]
[BlackTitle "WIM"]
[WhiteElo "1839"]
[BlackElo "2012"]
[WhiteTeam "Uganda"]
[BlackTeam "Egypt"]
[WhiteFideId "10012486"]
[BlackFideId "10656820"]
[EventDate "2024.09.11"]

1. e4 c5 2. Nf3 e6 3. d4 cxd4 4. Nxd4 Nc6 5. Nc3 Qc7 6. Be3 a6 7. Qf3 Nf6 8. Bd3
h5 9. Nxc6 dxc6 10. O-O-O e5 11. h3 Be6 12. a3 O-O-O 13. Qe2 Nd7 14. Bc4 Re8 15.
Bxe6 Rxe6 16. Rd3 Rd6 17. Rhd1 Rxd3 18. Qxd3 b5 19. f3 Be7 20. Na4 Rd8 21. Qxd7+
Rxd7 22. Nb6+ Qxb6 23. Bxb6 Bg5+ 24. Kb1 Rxd1+ 25. Ka2 Rd2 26. g3 Rxc2 27. Kb3
Rg2 28. g4 hxg4 29. hxg4 Bc1 30. Kb4 Bxb2 31. Ka5 Bxa3 32. Kxa6 b4 33. Bc5 Rc2
34. Bd6 b3 35. Bxa3 Ra2 36. Kb6 Rxa3 37. Kxc6 b2 38. Kd5 Ra5+ 39. Kd6 b1=Q 40.
Ke7 Qb4+ 41. Kxf7 Qd6 42. g5 Ra7+ 43. Kg8 g6 0-1

[Event "Olimpiade 2024 - Donne"]
[Site "Budapest"]
[Date "18.09.2024"]
[Round "7.36"]
[Board "4"]
[White "Allam, Yara"]
[Black "Takali Milly"]
[Result "1-0"]
[WhiteTitle "WCM"]
[WhiteElo "1920"]
[BlackElo "1707"]
[WhiteTeam "Egypt"]
[BlackTeam "Uganda"]
[WhiteFideId "10615709"]
[BlackFideId "10010173"]
[EventDate "2024.09.11"]

1. e4 c6 2. d4 d5 3. Nc3 dxe4 4. Nxe4 Nf6 5. Nxf6+ exf6 6. c3 Bd6 7. Bd3 O-O 8.
Ne2 Qc7 9. Qc2 h5 10. Bd2 a5 11. O-O-O b5 12. Ng3 g6 13. Ne4 Be7 14. Bh6 Re8 15.
Qe2 Be6 16. g4 h4 17. Qf3 Nd7 18. Kb1 Bd5 19. Bc2 b4 20. Bd2 bxc3 21. Bxc3 a4
22. Qh3 Kg7 23. Rhe1 Bxe4 24. Bxe4 Nb6 25. Qf3 Bd6 26. g5 fxg5 27. Bxc6 Rxe1 28.
Rxe1 Rf8 29. d5+ f6 30. Re6 Bf4 31. Qe4 Be5 32. Bxe5 fxe5 33. Qxg6+ Kh8 34. Qh5+
Qh7+ 35. Qxh7+ Kxh7 36. d6 Rxf2 37. Re7+ Kg6 38. Be8+ Kh6 39. Rb7 Nc4 40. d7 Ne3
41. a3 Rd2 42. Rb8 g4 43. d8=Q Rxd8 44. Rxd8 Nf1 45. Rd6+ Kg5 46. Rg6+ Kf5 47.
b4 axb3 48. a4 Nd2+ 49. Kb2 e4 50. Rg7 e3 51. Bb5 Kf4 52. a5 g3 53. hxg3+ hxg3
54. a6 Ne4 55. a7 1-0

[Event "Olimpiade 2024 - Donne"]
[Site "Budapest"]
[Date "18.09.2024"]
[Round "7.37"]
[Board "1"]
[White "Ortiz Verdezoto, Anahi"]
[Black "Henderson de La Fuente, Andrea"]
[Result "1/2-1/2"]
[WhiteTitle "WIM"]
[BlackTitle "WFM"]
[WhiteElo "2229"]
[BlackElo "1986"]
[WhiteTeam "Ecuador"]
[BlackTeam "Andorra"]
[WhiteFideId "3614581"]
[BlackFideId "32096577"]
[EventDate "2024.09.11"]

1. d4 Nf6 2. c4 g6 3. Nc3 Bg7 4. e4 d6 5. Be2 O-O 6. g4 e5 7. d5 Na6 8. Be3 Nc5
9. f3 h5 10. g5 Nh7 11. Qd2 f6 12. h4 fxg5 13. hxg5 a5 14. O-O-O a4 15. Nb5 b6
16. Nh3 Bd7 17. Na3 Rf7 18. Nf2 Qe7 19. Rdg1 Raf8 20. Rh2 c6 21. dxc6 Bxc6 22.
Rd1 Rd8 23. Nd3 Ne6 24. Nb4 Qb7 25. Nb5 Bf8 26. Kb1 Be7 27. Nd5 Bxd5 28. exd5
Nc5 29. Qc2 Nf8 30. Nc3 Qd7 31. Ne4 Rb8 32. Ng3 Rh7 33. f4 h4 34. Rdh1 exf4 35.
Bxf4 Bxg5 36. Bxg5 hxg3 37. Rxh7 Nxh7 38. Bf4 Kg7 39. Bxg3 Nf6 40. Rg1 Nfe4 41.
Be1 Qf5 42. Rf1 Qe5 43. Rf3 Rh8 44. b4 axb3 45. axb3 Rh1 46. Qd1 Kg8 47. Kc2 Rh2
48. Re3 Qf5 49. Kb2 Qe5+ 50. Kc2 Qf4 51. Qd4 Qg4 52. Qd1 Qg1 53. Rf3 Qg2 54. Re3
Qg5 55. Qd4 Qg4 56. Qd1 Qg1 57. Bd2 Qg2 58. b4 Rh1 59. Be1 Na4 60. Kb3 Nac3 61.
Rxc3 Nxc3 62. Kxc3 Qg1 63. Kd2 Qd4+ 64. Kc2 Qe4+ 65. Kd2 Qd4+ 66. Kc2 Qe4+ 67.
Kd2 Qd4+ 68. Kc2 Qe4+ 1/2-1/2

[Event "Olimpiade 2024 - Donne"]
[Site "Budapest"]
[Date "18.09.2024"]
[Round "7.37"]
[Board "2"]
[White "De la Riva Real, Ariadna"]
[Black "Wagenschuetz, Evelyn"]
[Result "1/2-1/2"]
[BlackTitle "WIM"]
[WhiteElo "1823"]
[BlackElo "2036"]
[WhiteTeam "Andorra"]
[BlackTeam "Ecuador"]
[WhiteFideId "6901018"]
[BlackFideId "3600424"]
[EventDate "2024.09.11"]

1. e4 c5 2. Nf3 e6 3. c3 Nf6 4. e5 Nd5 5. d4 cxd4 6. cxd4 d6 7. Bb5+ Bd7 8.
Bxd7+ Nxd7 9. O-O Be7 10. Nbd2 O-O 11. Re1 Rc8 12. a3 dxe5 13. dxe5 Qc7 14. Nb3
Rfd8 15. Nbd4 h6 16. Bd2 Bc5 17. Nb3 Bf8 18. Rc1 Qb8 19. Qe2 Nc5 20. Nfd4 Nxb3
21. Nxb3 Nb6 22. Qg4 Rxc1 23. Bxc1 Rd5 24. Qg3 Qd8 25. Qg4 Rd3 26. Na5 Qd5 27.
b4 Nd7 28. Qc4 Qxc4 29. Nxc4 Rc3 30. Ne3 a5 31. Rd1 axb4 32. axb4 Rc7 33. Ba3
Nxe5 34. f4 Ng6 35. f5 Rc3 36. fxg6 fxg6 37. Bc1 Bxb4 38. Bd2 Rb3 39. Bxb4 Rxb4
40. Rd6 Kf7 41. Kf2 g5 42. Kf3 h5 43. h3 Ke7 44. Rd2 Kf6 45. Rd7 Rb3 46. Ke4 Rb2
47. Kd3 Rb3+ 48. Ke4 1/2-1/2

[Event "Olimpiade 2024 - Donne"]
[Site "Budapest"]
[Date "18.09.2024"]
[Round "7.37"]
[Board "3"]
[White "Vasquez Ramirez, Rocio"]
[Black "Muratet Carmona, Alexandra"]
[Result "1-0"]
[WhiteTitle "WIM"]
[WhiteElo "1981"]
[BlackElo "1796"]
[WhiteTeam "Ecuador"]
[BlackTeam "Andorra"]
[WhiteFideId "3600750"]
[BlackFideId "22227172"]
[EventDate "2024.09.11"]

1. d4 d5 2. Nf3 Nf6 3. Bf4 Bf5 4. e3 e6 5. Bd3 Ne4 6. Nfd2 Bd6 7. Bxd6 Qxd6 8.
Bxe4 dxe4 9. Nc3 Qc6 10. Qe2 Nd7 11. O-O-O a6 12. h3 b5 13. g4 Bg6 14. Nb3 Nf6
15. Nc5 Nd5 16. Nxd5 Qxd5 17. b3 e5 18. c3 h5 19. Rdg1 exd4 20. cxd4 c6 21. Kb2
a5 22. a3 a4 23. b4 h4 24. Rh2 f6 25. Rhg2 Bf7 26. Kc3 g5 27. Rf1 Qc4+ 28. Qxc4
Bxc4 29. Re1 Bd5 30. f3 exf3 31. Rf2 Ke7 32. e4 Bc4 33. Rxf3 Rhf8 34. e5 fxe5
35. Rxe5+ Kd6 36. Ne4+ Kd7 37. Nf6+ Kd6 38. Rxg5 Ke6 39. Re5+ Kd6 40. g5 Rf7 41.
Rf4 Re7 42. Ne4+ Kd7 43. Nc5+ Ke8 44. Rxh4 Kf8 45. Rh8+ Bg8 46. Rxg8+ 1-0

[Event "Olimpiade 2024 - Donne"]
[Site "Budapest"]
[Date "18.09.2024"]
[Round "7.37"]
[Board "4"]
[White "Real Puigdollers, Silvia"]
[Black "Guerrero Caicedo, Arlette"]
[Result "0-1"]
[WhiteTitle "WCM"]
[WhiteElo "1781"]
[BlackElo "1868"]
[WhiteTeam "Andorra"]
[BlackTeam "Ecuador"]
[WhiteFideId "6901336"]
[BlackFideId "3633667"]
[EventDate "2024.09.11"]

1. Nf3 Nf6 2. g3 d5 3. Bg2 g6 4. d3 Bg7 5. O-O O-O 6. Nbd2 c5 7. e4 Nc6 8. Re1
e5 9. c3 Re8 10. Qc2 h6 11. Nf1 Be6 12. h4 Qd7 13. N1h2 Rad8 14. a3 Qc7 15. Qe2
dxe4 16. dxe4 Na5 17. Nd2 c4 18. a4 Nd7 19. Qe3 Bf8 20. Bf3 Nc5 21. Be2 Nd3 22.
Bxd3 Rxd3 23. Qe2 Red8 24. Ng4 h5 25. Nf6+ Kg7 26. Nxh5+ gxh5 27. Qxh5 Be7 28.
Nf3 Rh8 29. Qxe5+ Qxe5 30. Nxe5 Rdd8 31. Be3 Rdg8 32. Nf3 Kf8 33. Kf1 Bh3+ 34.
Ke2 Nc6 35. Nd4 Ne5 36. Nf5 Bg4+ 37. Kf1 Bh3+ 38. Ke2 Bg4+ 39. Kf1 Bf3 40. Bd4
Bf6 41. Re3 Bg4 42. f4 Bh3+ 43. Ke1 Nd7 44. Bxa7 Bxf5 45. exf5 Rxh4 46. Kf2 Rh2+
47. Kf3 Rd2 48. Rb1 Rh8 49. Ke4 b6 50. b4 cxb3 51. Bxb6 Nxb6 52. Rxb3 Nxa4 53.
Rb5 Nxc3+ 0-1

[Event "Olimpiade 2024 - Donne"]
[Site "Budapest"]
[Date "18.09.2024"]
[Round "7.38"]
[Board "1"]
[White "Johnson, Gabriella"]
[Black "Manova, Ivana"]
[Result "0-1"]
[WhiteTitle "WIM"]
[WhiteElo "1896"]
[BlackElo "2031"]
[WhiteTeam "Trinidad & Tobago"]
[BlackTeam "North Macedonia"]
[WhiteFideId "7701128"]
[BlackFideId "15003590"]
[EventDate "2024.09.11"]

1. e4 e5 2. Nf3 Nc6 3. Bb5 a6 4. Ba4 Nf6 5. d4 exd4 6. O-O Be7 7. e5 Ng4 8. Re1
b5 9. Bb3 d5 10. h3 Nh6 11. Bxh6 gxh6 12. Nxd4 Nxd4 13. Qxd4 Be6 14. Qe3 c5 15.
c3 h5 16. Nd2 Rg8 17. Rad1 Qc8 18. Kh1 Qb7 19. Qf3 h4 20. Nf1 O-O-O 21. Ne3 d4
22. Bxe6+ fxe6 23. Qxb7+ Kxb7 24. cxd4 Rxd4 25. Rxd4 cxd4 26. Ng4 Rd8 27. Nh2
Kc6 28. Nf3 Kd5 29. Kg1 d3 30. Kf1 Rc8 31. Rd1 Ke4 32. Re1+ Kd5 33. Rd1 Ke4 34.
Re1+ Kf4 35. Rd1 Rd8 36. Ke1 Bb4+ 37. Kf1 Be7 38. Ke1 Bb4+ 39. Kf1 a5 40. a3 Bc5
41. Ke1 Rd5 42. Rc1 d2+ 43. Nxd2 Bxf2+ 44. Ke2 Rxd2+ 45. Kxd2 Be3+ 46. Kc2 Bxc1
47. Kxc1 Kxe5 48. Kd2 Kd4 49. Ke2 Kc4 50. Ke3 Kb3 51. Kd4 Kxb2 52. Kc5 Kxa3 53.
Kxb5 a4 54. Ka5 Kb3 0-1